Statistics for 2022 MLB Guess The Player 1

Click here to take the quiz!

General Stats

  • This quiz has been taken 389 times
  • The average score is 5 of 15

Answer Stats

HintPlayer% Correct
Has spent his entire career with the Cincinnati RedsJoey Votto
86%
Yankees OF originally drafted by the Athletics, however he didn’t sign with OaklandAaron Judge
75%
Traded to the Dodgers for a package that included Alex VerdugoMookie Betts
69%
Nicknamed “Edlose” by fans for constantly blowing leads late in gamesEdwin Diaz
54%
The pitcher involved in the infamous brawl where Bryce Harper threw his helmet towards the moundHunter Strickland
40%
In the 2022 offseason in span of 24 hours he was on the Rangers, Twins, and Yankees rostersIsiah Kiner-Falefa
35%
First name is word meaning rambunctious or noisyRowdy Tellez
27%
Third Basemen who led MLB in doubles in 2019 with 54Rafael Devers
22%
Position player who played in only 19 games for the Blue Jays with little success in 2018 before going to the Yankees next season where he would hit 21 HRGio Urshela
19%
Pirates Middle Infielder drafted in the first round of the 2015 entry draft by PittsburghKevin Newman
19%
Made an unfortunate blunder against the Cubs where he ran down the first base line to tag out Javier Baez instead of touching first, allowing a run to score and Baez to reach 2BWill Craig
15%
Holds the MLB record for most consecutive strikeouts to start a game with 9Pablo Lopez
13%
Pitcher who won the 2011 ROTY AwardCraig Kimbrel
11%
2015 All Star for the Giants born in Yonkers, NYJoe Panik
9%
The only active MLB player who was born in Alberta, CanadaMike Soroka
7%

Score Distribution

Percentile by Number Answered

Percent of People with Each Score

Your Score History

You have not taken this quiz